00924ntm a22002297a 450000500170000000800410001704000280005808200170008610000250010324501000012826000100022830000400023850001870027859000170046565000450048265300230052765500090055077700090055994200080056899900170057695201010059320170813152733.0170802s2013 xx a frb 000 0 eng d aEG-ScBUEbengcEG-ScBUE04222a621bEZZ1 aEzz EL Din, Mohamed.10aMulti-scale models for damage in piezoelectric fiber-based composites /cby Mohamed Ezz El Din. c2013. axi, 76 p. : bill. (col.) ;c28 cm. aA dissertation submitted to the faculty of engineering. the British university in Egypt, in partial fulfillment of the requirements for the bachelor degree in mechanical engineering. abasant mousa 72BUEshaMechanical Engineering.vProjects bENGMECcAugust2017 vSPRO ASPRO 2ddc c25268d25240 00102ddc4070aMAINbMAINc2NDd2017-08-08l0o621 EZZp000046645r2025-07-15 00:00:00yPROJST